| 000 | 00621nam a22002650a 4500 | ||
|---|---|---|---|
| 001 | UByD000754 | ||
| 003 | AR-LpoUNG | ||
| 005 | 20220716194526.0 | ||
| 008 | 220712suuuu||||ag |||||||||||||||||spa d | ||
| 020 | _a9506951209 | ||
| 040 |
_aAR-LpoUNG _bspa _cAR-LpoUNG _eaacr |
||
| 041 | 1 | _aspa | |
| 044 | _aag | ||
| 082 | 0 | _a891.7 613cap | |
| 100 | 1 | _aGogol, Nikolai | |
| 245 | 1 | 0 | _aCapote |
| 260 |
_aBuenos Aires : _bRei, _cs.f. |
||
| 300 | _a95 p. | ||
| 650 | 4 | _aLITERATURA | |
| 650 | 4 | _aNOVELAS | |
| 653 | _aLITERATURA RUSA | ||
| 700 | 1 |
_aVicente, Isabel _etr. _enotas |
|
| 905 | _a21260 | ||
| 942 |
_cLIB _2ddc |
||
| 999 |
_c63439 _d63439 |
||